00695nam a22002057a 450000500170000001000150001702000260003203500140005803700130007208200170008510000230010224500470012525000060017226000450017827000580022330000210028194200340030299900190033695201340035520240903123629.0 aENG-141574 c750.00a9788192557013 aEN-125106 bDBAD/PUB a791.31954b1 aGupta,Jyoti970899 aClassical Dances of India/cBy Gupta jyoti a1 aAllahbad (prayagraj)bTanmay Booksc2017 bAllahbad (Prayagraj)a5-A/8, Khusro Bagh Roade211001 a234p.c20cm(pbk) 2ddccENh791.31954mGUPe2107 c205488d205488 001040708NFICaBL4bBL4d2024-09-03eDBADg750.00l0o791.31954 GUPpEN-125106r2024-09-03 00:00:00t1v750.00w2024-09-03yEN